00285nam a2200097Ia 4500008004100000100003000041245006500071260003400136260000900170300000800179170620s9999 xx 000 0 und d aSharma- Rajkumari (Hindi) 0aPrarambik Shiksha ke Ubharte Aaayam avam Shekshik Mulayankan bRadha Prakashan Mandir Agra-2 c2008 a352